000 00731nam a2200229Ia 4500
001 3266
003 GE_BSU
008 181216s||||||||xx |||||||||||||| ||und||
040 _cGE_BSU
080 _a514.18(075.8)
100 _aГордон,В. Семенцов-Огиевский,М.
245 _aКурс начертательной геометрии.
245 _bУчебник.
245 _cРед.А.Т.Цветков.
250 _aИзд 13-ое,стереотипное.
260 _aМ.
260 _bГос.изд-во физико-математической лит-ры.
260 _c1960.
300 _a404стр.с илл.
653 _aНачертательная геометрия.
942 _cBK
999 _c37307
_d37307